000 00549nam a2200157Ia 4500
008 090124s9999 xx 000 0 und d
082 _b34808
245 _a मिखाइल गोर्बाचेव्ह
250 _a1
260 _bओरिएंट लाँदमन्स ुलुमटेड
_c1998
300 _a64
630 _a मिखाइल गोर्बाचेव्ह
700 _aभांडारकर शान्ता
730 _a मिखाइल गोर्बाचेव्ह
942 _cBOOK
999 _c100734
_d100734